000
00352nam a2200121Ia 4500
008
250526s9999 xx 000 0 und d
082
_a
954.91 HUD
100
_a
Naajmul Huda
245
0
_a
Riyasat geograpphiya aur pakistan (ریاست جغرافیہ اور پاکستان)
260
_a
Karachi:
_b
Zaki & Sons,
_c
2004
600
_a
History
942
_c
GB
999
_c
31263
_d
31263